| 000 | 00348nam a22001457a 4500 | ||
|---|---|---|---|
| 020 | _qPB. | ||
| 040 | _cFIZZA ISHAQ | ||
| 082 |
_a006.6 _bJUD |
||
| 100 |
_aJEFFCOATE, JUDITH. _955383 |
||
| 245 |
_aMULTIMEDIA PRACTICE / _cJUDITH JEFFCOATE |
||
| 250 | _a8TH ED. | ||
| 260 |
_aNEW DEHLI : _bPEARSON, _c2006. |
||
| 300 | _a238 P. ; | ||
| 942 |
_2ddc _cBK |
||
| 999 |
_c566235 _d566235 |
||